Curso de operatoria quirúrgica para médicos y estudiantes / (Registro nro. 139998)
[ vista simple ]
| 000 -LEADER | |
|---|---|
| campo de control de longitud fija | 00702nam a2200193 4500 |
| 001 - NÚMERO DE CONTROL | |
| campo de control | 139998 |
| 003 - IDENTIFICADOR DE NÚMERO DE CONTROL | |
| campo de control | ES-MaACL |
| 007 - CAMPO FIJO DE DESCRIPCIÓN FÍSICA--INFORMACIÓN GENERAL | |
| campo de control de longitud fija | t| |
| 008 - DATOS DE LONGITUD FIJA--INFORMACIÓN GENERAL | |
| campo de control de longitud fija | 070214s1931 sp r ||||1| spa d |
| 100 1# - ENTRADA PRINCIPAL--NOMBRE DE PERSONA | |
| Nombre de persona | Schmieden, Victor. |
| 9 (RLIN) | 194488 |
| 245 10 - MENCIÓN DEL TÍTULO | |
| Título | Curso de operatoria quirúrgica para médicos y estudiantes / |
| Mención de responsabilidad, etc. | por el prof. Dr. Victor Schmieden y el prof. Dr. A. W. Fischer ; traducción de la 12ª edición alemana por el Dr. Alfonso Dehesa Bailo. |
| 250 ## - MENCION DE EDICION | |
| Mención de edición | 3ª ed. española. |
| 260 ## - PUBLICACIÓN, DISTRIBUCIÓN, ETC. | |
| Lugar de publicación, distribución, etc. | Madrid : |
| Nombre del editor, distribuidor, etc. | Labor, |
| Fecha de publicación, distribución, etc. | 1931. |
| 300 ## - DESCRIPCIÓN FÍSICA | |
| Extensión | XVI, 574 p. : |
| Otras características físicas | il. ; |
| Dimensiones | 25 x 17 cm. |
| 700 1# - ENTRADA AGREGADA--NOMBRE PERSONAL | |
| Nombre de persona | Fischer, A. W. |
| 9 (RLIN) | 50978 |
| 700 0# - ENTRADA AGREGADA--NOMBRE PERSONAL | |
| Nombre de persona | Dehesa Bailo, Alfonso |
| 9 (RLIN) | 43249 |
| 852 ## - LOCALIZACIÓN | |
| Ubicación | ES-MaACL |
| Número de control de estantería | E-1717 |
| Estatus retirado | Estado de pérdida | Estado de daño | No para préstamo | Biblioteca de origen | Biblioteca actual | Ubicación en estantería | Fecha de adquisición | Fuente de adquisición | Total de préstamos | Signatura topográfica completa | Código de barras | Visto por última vez | Precio de reemplazo | Tipo de ítem Koha |
|---|---|---|---|---|---|---|---|---|---|---|---|---|---|---|
| Biblioteca del Ateneo de Madrid | Biblioteca del Ateneo de Madrid | Depósito 2 | 17/01/2008 | E-1717 | 1145686 | 23/02/2023 | 23/02/2023 | Libro impreso |
